000 00584nam a2200121Ia 4500
008 220615s9999||||xx |||||||||||||| ||und||
100 _aHau, Caroline S.
245 0 _aChapter 7 Becoming “Chinese” in Southeast Asia
546 _aEnglish[eng]
650 _aPolitics & International Relations||Comparative Politics||International Politics||International Relations||International Relations Theory||Social Sciences||Sociology & Social Policy||Political Sociology
856 _uhttps://library.oapen.org/bitstream/20.500.12657/22345/1/9780415809535_oachapters7.pdf
942 _cEB
999 _c9789
_d9789